| 000 | 01532cam a2200217 4500500 | ||
|---|---|---|---|
| 005 | 20260301001005.0 | ||
| 041 | _afre | ||
| 042 | _adc | ||
| 100 | 1 | 0 |
_aBarbaroux, Pierre _eauthor |
| 245 | 0 | 0 | _aThe metamorphosis of the world space economy: investigating global trends and national differences among major space nations’ market structure |
| 260 | _c2016. | ||
| 500 | _a31 | ||
| 520 | _aThis article investigates the evolution of space industries from 2000 to 2013. Building on descriptive statistics regarding the volumes of spacecraft launched by major space Nations (United-States, Russia, Europe, China, Japan and India), it provides evidence that the asymmetry between government (e.g., space agencies and military organizations) and non-government customers (e.g., universities, research laboratories and private companies) decreased before getting stable. However, it also demonstrates that the shift toward a (more) balanced market structure between public and private, commercial and non-commercial, government and non-government customers of space assets is not homogeneous among space Nations.JEL Codes: O3, O33, O38 | ||
| 690 | _agovernment customers | ||
| 690 | _amarket structure | ||
| 690 | _anon-government customers | ||
| 690 | _aspace industries | ||
| 690 | _aspace Nations | ||
| 786 | 0 | _nJournal of Innovation Economics & Management | o 20 | 2 | 2016-05-10 | p. 9-35 | |
| 856 | 4 | 1 | _uhttps://shs.cairn.info/revue-journal-of-innovation-economics-2016-2-page-9?lang=en&redirect-ssocas=7080 |
| 999 |
_c1672860 _d1672860 |
||